000 00253nam a2200097Ia 4500
001 643085
005 20250826153539.0
008 250824s9999 xx 000 0 und d
245 0 _aİKİZLER OKULDA 9 YENİ ÖĞRENCİ KITTY
_cENID BLYTON
260 _bDOĞAN
999 _c643085
_d643085